<?xml version="1.0" encoding="UTF-8"?>
<collection xmlns="http://www.loc.gov/MARC21/slim">
 <record>
  <leader>01074nam a2200181Ia 4500</leader>
  <controlfield tag="001">CTU_217441</controlfield>
  <controlfield tag="008">210402s9999    xx            000 0 und d</controlfield>
  <datafield tag="020" ind1=" " ind2=" ">
   <subfield code="c">14.58</subfield>
  </datafield>
  <datafield tag="082" ind1=" " ind2=" ">
   <subfield code="a">658.4012</subfield>
  </datafield>
  <datafield tag="082" ind1=" " ind2=" ">
   <subfield code="b">H339</subfield>
  </datafield>
  <datafield tag="245" ind1=" " ind2="0">
   <subfield code="a">HBR's 10 must reads on Strategy</subfield>
  </datafield>
  <datafield tag="260" ind1=" " ind2=" ">
   <subfield code="a">Boston</subfield>
  </datafield>
  <datafield tag="260" ind1=" " ind2=" ">
   <subfield code="b">Harvard Business Review Press</subfield>
  </datafield>
  <datafield tag="260" ind1=" " ind2=" ">
   <subfield code="c">2011</subfield>
  </datafield>
  <datafield tag="520" ind1=" " ind2=" ">
   <subfield code="a">This collection of best-selling articles includes: featured article &quot;What Is Strategy?&quot; by Michael E. Porter, &quot;The Five Competitive Forces That Shape Strategy,&quot; &quot;Building Your Company's Vision,&quot; &quot;Reinventing Your Business Model,&quot; &quot;Blue Ocean Strategy,&quot; &quot;The Secrets to Successful Strategy Execution,&quot; &quot;Using the Balanced Scorecard as a Strategic Management System,&quot; &quot;Transforming Corner-Office Strategy into Frontline Action,&quot; &quot;Turning Great Strategy into Great Performance,&quot; and &quot;Who Has the D? How Clear Decision Roles Enhance Organizational Performance&quot;</subfield>
  </datafield>
  <datafield tag="650" ind1=" " ind2=" ">
   <subfield code="a">Strategic planning,Lập kế hoạch chiến lược</subfield>
  </datafield>
  <datafield tag="904" ind1=" " ind2=" ">
   <subfield code="i">Nhi, Tuyến</subfield>
  </datafield>
  <datafield tag="980" ind1=" " ind2=" ">
   <subfield code="a">Trung tâm Học liệu Trường Đại học Cần Thơ</subfield>
  </datafield>
 </record>
</collection>
